| 000 | 00572nam a2200169Ia 4500 | ||
|---|---|---|---|
| 008 | 151213s9999 xx 000 0 und d | ||
| 020 | _a984-809-037-1 | ||
| 100 | _aআব্দুল মালেক | ||
| 245 |
_aশিক্ষা বিজ্ঞান ও বাংলাদেশে শিক্ষা _cআব্দুল মালেক |
||
| 250 | _a২য় সং | ||
| 260 |
_aঢাকা _bইউ . জি. ডস _c2009 |
||
| 300 | _a7227 p. | ||
| 650 | _aEducation | ||
| 650 | _aReference | ||
| 700 | _aআব্দুল মালেক | ||
| 999 |
_c3843 _d3843 |
||